تنوير القلوب ;; Tanvir alqulub / (Record no. 82538)
[ view plain ]
| 000 -LEADER | |
|---|---|
| fixed length control field | 00699nam a2200205 a 4500 |
| 001 - CONTROL NUMBER | |
| control field | 82538 |
| 003 - CONTROL NUMBER IDENTIFIER | |
| rucl marc code | BD-RjUL |
| 005 - DATE AND TIME OF LATEST TRANSACTION | |
| control field | 20231226105027.0 |
| 008 - FIXED-LENGTH DATA ELEMENTS--GENERAL INFORMATION | |
| fixed length control field | 231226s1877 ii ||||| |||| 00| 0 per d |
| 035 ## - SYSTEM CONTROL NUMBER | |
| System control number | (BD-RjUL)82538 |
| 040 ## - CATALOGING SOURCE | |
| Original cataloging agency | BD-RjUL |
| Language of cataloging | eng |
| Transcribing agency | BD-RjUL |
| 041 ## - LANGUAGE CODE | |
| Language code of text/sound track or separate title | per |
| 082 ## - DEWEY DECIMAL CLASSIFICATION NUMBER | |
| Edition number | 23 |
| Classification number | 297 |
| Author mark and year | KHT 1877 |
| 100 10 - MAIN ENTRY--PERSONAL NAME | |
| Personal name | خان بهادر, عبد الكريم ;; Khan Bahadur, Abdul Karim |
| 9 (RLIN) | 10691 |
| 245 10 - TITLE STATEMENT | |
| Title | تنوير القلوب ;; Tanvir alqulub / |
| Statement of responsibility, etc. | Abdul Karim Khan Bahadur ;;; عبد الكريم خان بهادر |
| 260 ## - PUBLICATION, DISTRIBUTION, ETC. (IMPRINT) | |
| Place of publication, distribution, etc. | Kolkata: |
| Name of publisher, distributor, etc. | صدر مطبع مظهر العجائب المعرف بهاردو |
| Date of publication, distribution, etc. | 1877 |
| 300 ## - PHYSICAL DESCRIPTION | |
| Pagination | 303 p. ; |
| Size | 23 cm |
| 650 ## - SUBJECT ADDED ENTRY--TOPICAL TERM | |
| Topical term or geographic name as entry element | Islam |
| 942 ## - ADDED ENTRY ELEMENTS (KOHA) | |
| Source of classification or shelving scheme | Dewey Decimal Classification |
| Koha item type | Books |
| Lost status | Source of classification or shelving scheme | Damaged status | Not for loan | Collection code | Permanent Location | Current Location | Shelving location | Date acquired | Source of acquisition | Total Checkouts | Full call number | Date last seen | Copy number | Koha item type |
|---|---|---|---|---|---|---|---|---|---|---|---|---|---|---|
| Dewey Decimal Classification | Not For Loan | Non-fiction | Central Library, University of Rajshahi | Central Library, University of Rajshahi | Reading Room | 08/10/1974 | Moulovi Abdul Qadir & golam Kadir | F 297 KHT 1877 | 26/12/2023 | C-1 | Books |